| 000 | 00434 a2200157 4500 | ||
|---|---|---|---|
| 020 | _a8120400305 | ||
| 082 | _a370.19346095491 | ||
| 090 |
_c1340 _d1340 |
||
| 100 | _aDahama,O.P. | ||
| 245 |
_aEducation and Communication for Development _cO.P.Dahama |
||
| 250 | _a2nd edition | ||
| 260 |
_aNew Delhi _bOxford & IBH Publishing CO.PVT.LTD. _c1987 |
||
| 300 | _a734P | ||
| 500 | _aPaper cover | ||
| 942 |
_aNBS _cBK _k370.19346095491 DAH |
||
| 999 |
_c343862 _d343862 |
||